[Event "World Youth Girl U18 2016"]
[Site "Khanty-Mansiysk RUS"]
[Date "2016.09.28"]
[Round "6.14"]
[White "Fiadosenka, Rahneda"]
[Black "Meskenaite, Rugile"]
[Result "1-0"]
[WhiteElo "2059"]
[BlackElo "1709"]
[WhiteFideId "13503740"]
[BlackFideId "12806587"]
[EventDate "2016.09.22"]

1. Nf3 Nf6 2. g3 d5 3. Bg2 e6 4. O-O c5 5. d3 Nc6 6. Nbd2 Bd6 7. e4 O-O 8. Qe2
Bc7 9. c3 Re8 10. Nh4 d4 11. Nb3 Bb6 12. e5 Nd7 13. cxd4 cxd4 14. f4 f5 15. Nf3
Nc5 16. Nxc5 Bxc5 17. Bd2 Rb8 18. Rfc1 Bb6 19. b4 a6 20. Be1 Qe7 21. Rab1 Rd8
22. a4 a5 23. bxa5 Bxa5 24. Rxc6 Bxe1 25. Qxe1 Bd7 26. Rc7 Qa3 27. Nxd4 Qxd3 28.
Rd1 Qa6 29. a5 b6 30. Bf1 Qxa5 31. Qxa5 bxa5 32. Nc6 Bxc6 33. Rxd8+ Rxd8 34.
Rxc6 1-0

[Event "World Youth Girl U18 2016"]
[Site "Khanty-Mansiysk RUS"]
[Date "2016.09.28"]
[Round "6.15"]
[White "Stanciu, Ioana-Georgiana"]
[Black "Methmani, Nelunika"]
[Result "1-0"]
[BlackTitle "WIM"]
[WhiteElo "1931"]
[BlackElo "1612"]
[WhiteFideId "1202294"]
[BlackFideId "9910050"]
[EventDate "2016.09.22"]

1. e4 c5 2. Nf3 Nc6 3. d4 cxd4 4. Nxd4 Qb6 5. Nb3 Nf6 6. Nc3 e6 7. Be3 Qc7 8. a3
Be7 9. f4 d6 10. Qe2 a6 11. g4 b5 12. Bg2 Bb7 13. g5 Nd7 14. h4 Nb6 15. Nd2 Na5
16. Rd1 Nbc4 17. Nxc4 Nxc4 18. Bc1 Nxa3 19. Rh3 Nc4 20. b3 Nb6 21. Ba3 Nd7 22.
h5 Qb6 23. Bb2 h6 24. g6 fxg6 25. hxg6 O-O-O 26. Kd2 Rhf8 27. Rf3 Nc5 28. Kc1
Bf6 29. b4 Nd7 30. Rfd3 Nb8 31. Bh3 Rfe8 32. Nd5 Bxb2+ 33. Kxb2 Qa7 34. e5 dxe5
35. Ne7+ 1-0

[Event "World Youth Girl U18 2016"]
[Site "Khanty-Mansiysk RUS"]
[Date "2016.09.28"]
[Round "6.16"]
[White "Vidic, Teja"]
[Black "Xiang, Evan"]
[Result "1-0"]
[WhiteTitle "WFM"]
[BlackTitle "WFM"]
[WhiteElo "2121"]
[BlackElo "1948"]
[WhiteFideId "14605511"]
[BlackFideId "2005816"]
[EventDate "2016.09.22"]

1. e4 d5 2. exd5 Qxd5 3. Nc3 Qd6 4. d4 g6 5. Nf3 Bg7 6. Nb5 Qb6 7. Na3 c6 8. Nc4
Qd8 9. Bf4 Bf5 10. Qe2 Be6 11. O-O-O Nf6 12. Ng5 Bxc4 13. Qxc4 O-O 14. Be2 b5
15. Qd3 Nd5 16. Bd2 Qc7 17. Bf3 Rd8 18. Rhe1 h6 19. Ne4 a5 20. Kb1 Na6 21. h4 e5
22. h5 Nf4 23. Bxf4 exf4 24. hxg6 fxg6 25. Qb3+ Qf7 26. Qxf7+ Kxf7 27. c3 Bf8
28. Nd2 Rd6 29. Re4 Rf6 30. Rde1 Nc7 31. R4e2 Rd8 32. Ne4 Re6 33. Kc2 Rde8 34.
Bg4 Nd5 35. Bxe6+ Rxe6 36. Ng5+ hxg5 37. Rxe6 Ne3+ 38. R6xe3 fxe3 39. Rxe3 Bd6
40. Kd3 Kf6 41. Re8 c5 42. dxc5 Bxc5 43. Ra8 b4 44. Rxa5 Bxf2 45. cxb4 1-0

[Event "World Youth Girl U18 2016"]
[Site "Khanty-Mansiysk RUS"]
[Date "2016.09.28"]
[Round "6.17"]
[White "Alijanzadeh, Mohadeseh"]
[Black "Shivacheva, Donika"]
[Result "0-1"]
[WhiteElo "1824"]
[BlackElo "2063"]
[WhiteFideId "12508632"]
[BlackFideId "2900840"]
[EventDate "2016.09.22"]

1. e4 e5 2. Nf3 Nc6 3. Bc4 Nf6 4. d3 Be7 5. c3 d5 6. exd5 Nxd5 7. O-O O-O 8. Re1
Bg4 9. h3 Bh5 10. Nbd2 Nf4 11. Nf1 Na5 12. Bb5 a6 13. Bxf4 exf4 14. Ba4 b5 15.
Bc2 Re8 16. d4 Nc4 17. Be4 Rb8 18. Bc6 Rf8 19. a4 Na5 20. axb5 Nxc6 21. bxc6
Rxb2 22. Qc1 Rb6 23. Ne5 Re8 24. Ra5 Bg6 25. d5 Rb1 26. Qd2 Rxe1 27. Nxg6 Rxf1+
28. Kxf1 hxg6 29. Qxf4 Bg5 30. Qd4 Qe7 31. Qd1 Qe5 32. c4 Qh2 0-1

[Event "World Youth Girl U18 2016"]
[Site "Khanty-Mansiysk RUS"]
[Date "2016.09.28"]
[Round "6.18"]
[White "Mamontova, Anastasia"]
[Black "Parhomenko, Margarita"]
[Result "1/2-1/2"]
[WhiteTitle "WFM"]
[WhiteElo "2021"]
[BlackElo "1940"]
[WhiteFideId "34100234"]
[BlackFideId "11603216"]
[EventDate "2016.09.22"]

1. d4 c5 2. d5 g6 3. c4 Bg7 4. e4 d6 5. g3 f5 6. exf5 Bxf5 7. Bd3 Qd7 8. Ne2 Na6
9. a3 Nf6 10. Nbc3 Nc7 11. O-O Bh3 12. Re1 O-O 13. Nf4 Rae8 14. Nxh3 Qxh3 15.
Bf1 Qf5 16. Bd3 Qd7 17. f4 Ng4 18. Ne4 Bd4+ 19. Kg2 e5 20. dxe6 Nxe6 21. Qxg4
Nxf4+ 22. Qxf4 Rxf4 23. Bxf4 Qc6 24. Rab1 d5 25. Nd6 Rf8 26. cxd5 Qxd5+ 27. Be4
Qb3 28. Re2 b6 29. Bh6 Rf6 30. Bc6 Rxd6 31. Re8+ Kf7 32. Rf8+ Ke6 33. Re1+ Be5
34. Re8+ Kf7 35. R1xe5 g5 36. Bf3 Rxh6 37. Bd5+ Qxd5+ 38. Rxd5 Kxe8 39. Rxg5 Rd6
40. b4 cxb4 41. axb4 Rd4 42. Rg7 Rd7 43. Rg5 Kf7 44. Kf3 Kf6 45. h4 Rc7 46. Ke3
h6 47. Rg8 a5 48. bxa5 bxa5 49. Ra8 Rc3+ 50. Kf4 Rc4+ 51. Kf3 Ra4 52. Ra6+ Kg7
53. h5 Ra1 54. Kg4 Ra3 55. Ra7+ Kg8 56. Kf4 Kh8 57. g4 Ra4+ 58. Kf5 Kg8 59. Ra6
Kg7 60. Ra8 Kf7 61. Ra6 Kg7 62. Rg6+ Kh7 63. Ra6 1/2-1/2

[Event "World Youth Girl U18 2016"]
[Site "Khanty-Mansiysk RUS"]
[Date "2016.09.28"]
[Round "6.19"]
[White "Hwang, Chyi"]
[Black "Suchomelova, Simona"]
[Result "0-1"]
[WhiteElo "1356"]
[BlackElo "1958"]
[WhiteFideId "16300920"]
[BlackFideId "348864"]
[EventDate "2016.09.22"]

1. e4 e6 2. d4 d5 3. Nc3 Nf6 4. Bg5 dxe4 5. Nxe4 Be7 6. Bxf6 gxf6 7. Nf3 f5 8.
Nc3 a6 9. Ne5 Bf6 10. Qh5 Bxe5 11. dxe5 Qd4 12. Qe2 Nc6 13. g3 Qxe5 14. Qxe5
Nxe5 15. Bg2 Rb8 16. h3 Bd7 17. O-O-O Bc6 18. Bxc6+ Nxc6 19. Rhe1 O-O 20. g4
fxg4 21. hxg4 Rbd8 22. Rxd8 Rxd8 23. Ne4 b6 24. Nf6+ Kg7 25. Nh5+ Kg6 26. f3 e5
27. b3 f5 28. Ng3 f4 29. Ne4 Nd4 30. Nd2 Re8 31. c3 Nc6 32. Rh1 Ne7 33. Ne4 Rd8
34. g5 Nf5 35. Rd1 Rxd1+ 36. Kxd1 Ng3 37. Nf6 h5 38. Ke1 Kxg5 39. Nd7 e4 40.
fxe4 Nxe4 41. Ne5 Nxc3 0-1

[Event "World Youth Girl U18 2016"]
[Site "Khanty-Mansiysk RUS"]
[Date "2016.09.28"]
[Round "6.20"]
[White "Jibuti, Nata"]
[Black "Uktamova, Marjona"]
[Result "1-0"]
[WhiteTitle "WFM"]
[WhiteElo "1865"]
[BlackElo "1542"]
[WhiteFideId "13603094"]
[BlackFideId "14209128"]
[EventDate "2016.09.22"]

1. e4 e5 2. Nf3 Nc6 3. Bb5 a6 4. Ba4 Nf6 5. d3 d6 6. c3 Be7 7. O-O O-O 8. Nbd2
b5 9. Bc2 Bg4 10. Re1 Re8 11. Nf1 h6 12. h3 Bh5 13. Ng3 Bg6 14. Nh4 Bh7 15. Nhf5
Bf8 16. Qf3 Nb8 17. Bb3 c5 18. Nh5 Nxh5 19. Bxf7+ Kxf7 20. Nxh6+ Ke6 21. Qf7# 1-0

[Event "World Youth Girl U18 2016"]
[Site "Khanty-Mansiysk RUS"]
[Date "2016.09.28"]
[Round "6.21"]
[White "Yakimenko, Viktoria"]
[Black "Toshali, V"]
[Result "1-0"]
[WhiteElo "2160"]
[BlackElo "1766"]
[WhiteFideId "24174998"]
[BlackFideId "5072611"]
[EventDate "2016.09.22"]

1. e4 Nc6 2. f4 e5 3. Nf3 Bc5 4. Nc3 d6 5. Na4 Bb6 6. Nxb6 axb6 7. d3 exf4 8.
Bxf4 Qf6 9. Qc1 Bg4 10. Be2 Nge7 11. O-O O-O 12. c3 Ng6 13. Bg3 Qe7 14. Re1 h5
15. h3 Bxf3 16. Bxf3 h4 17. Bf2 Ra5 18. b4 Rg5 19. d4 Qf6 20. Bg4 Re8 21. Qd2
Rxg4 22. hxg4 h3 23. gxh3 Nf4 24. h4 Ng6 25. Qg5 Qxg5 26. hxg5 Nf4 27. Bg3 Nh3+
28. Kg2 Nxg5 29. e5 dxe5 30. d5 Nb8 31. Rxe5 Rxe5 32. Bxe5 Ne4 33. Re1 Nd2 34.
Bf4 1-0

[Event "World Youth Girl U18 2016"]
[Site "Khanty-Mansiysk RUS"]
[Date "2016.09.28"]
[Round "6.22"]
[White "Liscinska, Jana"]
[Black "Albekova, Dilyara"]
[Result "1-0"]
[WhiteElo "1712"]
[BlackElo "1784"]
[WhiteFideId "14928612"]
[BlackFideId "13705628"]
[EventDate "2016.09.22"]

1. e4 d5 2. exd5 Nf6 3. Nc3 Nxd5 4. d4 g6 5. Nf3 Bg7 6. Bc4 Nxc3 7. bxc3 O-O 8.
Bf4 c5 9. Be5 Qa5 10. Qd2 Nd7 11. Bxg7 Kxg7 12. O-O Nb6 13. Bd3 Na4 14. Qe3 Nxc3
15. Qxe7 Be6 16. Ng5 Bxa2 17. Ne6+ Kg8 18. Nxf8 Rxf8 19. Bc4 cxd4 20. Bxa2 Nxa2
21. Qxb7 Qb4 22. Rfb1 Qc4 23. Qb3 Qxb3 24. Rxb3 Nc3 25. Rxa7 Re8 26. Kf1 Ne4 27.
Rd3 Rb8 28. Ra1 Rb2 29. Rxd4 Nc3 30. Rd2 Ne4 31. Rd8+ Kg7 32. Rc8 Nd2+ 33. Ke1
Ne4 34. Rd1 Ra2 35. Rc7 Nf6 36. Rd2 Ra1+ 37. Ke2 Rh1 38. h3 Rg1 39. Kf3 Re1 40.
Re2 Rc1 1-0

[Event "World Youth Girl U18 2016"]
[Site "Khanty-Mansiysk RUS"]
[Date "2016.09.28"]
[Round "6.23"]
[White "Yolal, Sena Gokcen"]
[Black "Sit, Victoria"]
[Result "1-0"]
[WhiteElo "1737"]
[BlackElo "1768"]
[WhiteFideId "6337031"]
[BlackFideId "425524"]
[EventDate "2016.09.22"]

1. e4 c5 2. Nf3 e6 3. d4 cxd4 4. Nxd4 Nc6 5. Nc3 Qc7 6. g3 a6 7. Bg2 Nf6 8. O-O
Be7 9. Re1 d6 10. Nxc6 bxc6 11. e5 dxe5 12. Rxe5 O-O 13. Bf4 Qd7 14. Qf3 Nd5 15.
Rd1 Qb7 16. Bc1 Bf6 17. Rh5 Bd7 18. Ne4 Be7 19. c4 f5 20. cxd5 fxe4 21. Qxe4 g6
22. dxe6 Be8 23. Rh3 Qb6 24. Qe2 Bc5 25. Rf1 Rb8 26. g4 Qa7 27. Rf3 Rxf3 28.
Qxf3 Qe7 29. Qe4 Rb4 30. Qe2 Rb6 31. b3 a5 32. Bb2 Bd6 33. Rd1 c5 34. Re1 Bb5
35. Qf3 Qc7 36. h3 Bc6 37. Qf6 Bh2+ 38. Kh1 Be8 39. Qh8# 1-0

[Event "World Youth Girl U18 2016"]
[Site "Khanty-Mansiysk RUS"]
[Date "2016.09.28"]
[Round "6.24"]
[White "Bandara, T B S H"]
[Black "Oljobai Kyzy, Alisa"]
[Result "0-1"]
[WhiteElo "1543"]
[BlackElo "1672"]
[WhiteFideId "9918477"]
[BlackFideId "13801953"]
[EventDate "2016.09.22"]

1. e4 e5 2. Nf3 Nc6 3. Bb5 a6 4. Ba4 Nf6 5. Qe2 d6 6. c3 Be7 7. d3 O-O 8. Nbd2
Nh5 9. Nf1 f5 10. exf5 Bxf5 11. Ng3 Bg6 12. h3 Nf4 13. Bxf4 exf4 14. Ne4 d5 15.
Ned2 Bf6 16. O-O-O Re8 17. Qf1 b5 18. Bc2 d4 19. Ne4 dxc3 20. bxc3 Be7 21. Kb2
Rb8 22. Rb1 b4 23. c4 Nd4 24. Nxd4 Qxd4+ 25. Kc1 Bxe4 26. dxe4 b3 27. Bxb3 Qxe4
28. c5+ Kh8 29. f3 Qe3+ 30. Kc2 Qxc5+ 31. Qc4 Qf2+ 32. Kc1 Ba3+ 33. Kd1 Rbd8+ 0-1

[Event "World Youth Girl U18 2016"]
[Site "Khanty-Mansiysk RUS"]
[Date "2016.09.28"]
[Round "6.25"]
[White "Wu, Min"]
[Black "Kolver, Michelle"]
[Result "1-0"]
[BlackTitle "WCM"]
[WhiteElo "1996"]
[BlackElo "1485"]
[WhiteFideId "1631969"]
[BlackFideId "14307839"]
[EventDate "2016.09.22"]

1. e4 c5 2. Nf3 a6 3. c4 Nc6 4. d4 cxd4 5. Nxd4 d6 6. Nc3 Nf6 7. Be2 g6 8. Be3
Bg7 9. O-O O-O 10. b3 Qa5 11. Rc1 Rd8 12. f3 Nd7 13. Qd2 Qe5 14. Rfd1 Nf8 15.
Nd5 e6 16. f4 Nxd4 17. Ne7+ Kh8 18. fxe5 Nxe2+ 19. Qxe2 Bxe5 20. Nxc8 Raxc8 21.
Bb6 Re8 22. Bd4 Bxd4+ 23. Rxd4 Red8 24. Rcd1 Rc6 25. e5 d5 26. Qf3 Kg8 27. cxd5
exd5 28. Rxd5 Rdc8 29. Rd8 Kg7 30. Rxc8 Rxc8 31. Qxb7 Re8 32. Rf1 Kg8 33. Qxf7+
Kh8 34. Qxe8 g5 35. Qxf8# 1-0

[Event "World Youth Girl U18 2016"]
[Site "Khanty-Mansiysk RUS"]
[Date "2016.09.29"]
[Round "7.1"]
[White "Khomeriki, Nino"]
[Black "Ghukasyan, Siranush"]
[Result "0-1"]
[WhiteTitle "WIM"]
[WhiteElo "2357"]
[BlackElo "2106"]
[WhiteFideId "13603191"]
[BlackFideId "13300946"]
[EventDate "2016.09.22"]

1. d4 d5 2. Nf3 Nf6 3. c4 e6 4. Nc3 c6 5. e3 Nbd7 6. Bd3 dxc4 7. Bxc4 b5 8. Bd3
Bd6 9. O-O O-O 10. a4 b4 11. Ne2 c5 12. Ng3 Bb7 13. Qe2 Rc8 14. Rd1 Qe7 15. Bd2
cxd4 16. exd4 Nd5 17. Bg5 f6 18. Qe4 g6 19. Bh6 Rfe8 20. Qh4 Bb8 21. Re1 Qf7 22.
Re2 a5 23. Rae1 Bc6 24. Qg4 Bxa4 25. Nh4 f5 26. Qh3 Nf4 27. Bxf4 Bxf4 28. Ngxf5
gxf5 29. Nxf5 Nf6 30. Rxe6 Rxe6 31. Rxe6 Rc1+ 32. Bf1 Bb5 33. Ng3 Bxg3 34. Qxg3+
Kh8 35. Qb8+ Qg8 36. Qxb5 Qxe6 37. Qb8+ Kg7 38. Qg3+ Kf7 0-1

[Event "World Youth Girl U18 2016"]
[Site "Khanty-Mansiysk RUS"]
[Date "2016.09.29"]
[Round "7.2"]
[White "Lahav, Michal"]
[Black "Obolentseva, Alexandra"]
[Result "0-1"]
[BlackTitle "WFM"]
[WhiteElo "2054"]
[BlackElo "2331"]
[WhiteFideId "2813742"]
[BlackFideId "24153648"]
[EventDate "2016.09.22"]

1. e4 c5 2. Nf3 d6 3. d4 cxd4 4. Nxd4 Nf6 5. Nc3 a6 6. Bg5 e6 7. f4 Nc6 8. Nxc6
bxc6 9. Qd4 c5 10. Qe3 Be7 11. Rd1 Qb6 12. Be2 h6 13. Bxf6 Bxf6 14. e5 dxe5 15.
Ne4 Bh4+ 16. g3 exf4 17. Qxf4 Be7 18. Bf3 O-O 19. Nf6+ Bxf6 20. Bxa8 Qxb2 21.
O-O Bd4+ 22. Kh1 Qxc2 23. Rd2 Qc3 24. Rf3 Qb4 25. Rb3 Qc4 26. Qf3 Bd7 27. Be4 f5
28. Bb7 Qc1+ 29. Rd1 Qc2 30. Rdb1 c4 31. Rb4 a5 32. Rb5 Bxb5 33. Rxb5 Qxa2 34.
Qd1 Bf6 35. Rc5 Rd8 36. Rc8 Rxc8 37. Bxc8 c3 38. Qd6 Qd5+ 39. Qxd5 exd5 40. Bxf5
a4 41. Kg2 a3 42. Bb1 c2 0-1

[Event "World Youth Girl U18 2016"]
[Site "Khanty-Mansiysk RUS"]
[Date "2016.09.29"]
[Round "7.3"]
[White "Santeramo, Alessia"]
[Black "Tsolakidou, Stavroula"]
[Result "0-1"]
[WhiteTitle "WFM"]
[BlackTitle "WGM"]
[WhiteElo "2001"]
[BlackElo "2355"]
[WhiteFideId "850810"]
[BlackFideId "4264312"]
[EventDate "2016.09.22"]

1. e4 c5 2. Nf3 d6 3. Bb5+ Nd7 4. c3 Nf6 5. Qe2 a6 6. Ba4 g6 7. O-O b5 8. Bc2
Bg7 9. d4 cxd4 10. cxd4 Nb6 11. b3 Bg4 12. h3 Bxf3 13. Qxf3 Nfd5 14. exd5 Bxd4
15. Nc3 Rc8 16. Bb2 b4 17. Bxg6 hxg6 18. Na4 Bxb2 19. Nxb2 Qd7 20. Qe4 Qb5 21.
Rad1 Rh5 22. Rfe1 Rc7 23. Rc1 Re5 24. Qh4 Rxe1+ 25. Rxe1 Qxd5 26. Qh8+ Kd7 27.
Qf8 Nc8 28. Nc4 Rxc4 29. bxc4 Qxc4 30. Qh8 a5 31. Qb2 Nb6 32. Rc1 Na4 33. Rxc4
Nxb2 34. Rc2 Nd3 35. h4 f5 36. f3 f4 37. Kh2 a4 38. Rd2 Nc5 39. Rd4 b3 40. axb3
axb3 41. Rb4 e5 42. g4 fxg3+ 43. Kxg3 d5 44. f4 Nd3 45. Rxb3 Nxf4 46. Rb6 Ne6
47. Rb5 Kc6 48. Ra5 Nf4 49. Kf3 Kb6 50. Ra8 Kc5 51. Ra5+ Kd6 52. Ra6+ Ke7 53.
Rb6 Ne6 54. Ke3 Kf7 55. Rd6 Nf4 56. Rb6 Ng2+ 57. Kf3 Nxh4+ 58. Kg4 Nf5 59. Kg5
Ke7 60. Kxg6 Nd6 61. Kg5 Ke6 62. Kg4 d4 63. Kf3 Kd5 64. Ra6 e4+ 65. Ke2 Nc4 66.
Ra8 d3+ 67. Kf2 Kd4 68. Rd8+ Kc3 69. Ke1 Kc2 70. Rd4 Nb2 71. Kf2 d2 72. Ke3 Nd3
73. Rc4+ Kb3 74. Ke2 Kxc4 0-1

[Event "World Youth Girl U18 2016"]
[Site "Khanty-Mansiysk RUS"]
[Date "2016.09.29"]
[Round "7.4"]
[White "Assaubayeva, Bibisara"]
[Black "Balajayeva, Khanim"]
[Result "1/2-1/2"]
[WhiteTitle "WFM"]
[BlackTitle "WFM"]
[WhiteElo "2287"]
[BlackElo "2147"]
[WhiteFideId "13708694"]
[BlackFideId "13406396"]
[EventDate "2016.09.22"]

1. d4 d5 2. c4 e6 3. Nf3 c5 4. cxd5 exd5 5. Nc3 Nc6 6. Bg5 Be7 7. Bxe7 Ngxe7 8.
e3 cxd4 9. Nxd4 O-O 10. Be2 Be6 11. O-O Rc8 12. Rc1 Nxd4 13. Qxd4 Nc6 14. Qa4
Qb6 15. Nb5 Rfd8 16. h3 a6 17. Nd4 Nxd4 18. Qxd4 Qxd4 19. exd4 Kf8 20. Bd3 Rxc1
21. Rxc1 Rc8 22. Rxc8+ Bxc8 23. f4 f5 24. Kf2 Ke7 25. Kf3 h5 26. g3 g6 27. Ke3
Kd6 28. Be2 Bd7 29. Kd2 Bc8 30. Kc3 b6 31. Kb4 Kc6 32. Kc3 Kd6 33. Kd2 Kc6 34.
Ke3 Kd6 35. Bd3 Ke7 36. Kf2 Kf6 37. Be2 Ke7 38. g4 h4 39. g5 Kd6 1/2-1/2

[Event "World Youth Girl U18 2016"]
[Site "Khanty-Mansiysk RUS"]
[Date "2016.09.29"]
[Round "7.5"]
[White "Kanakova, Natalie"]
[Black "Heinemann, Josefine"]
[Result "0-1"]
[BlackTitle "WIM"]
[WhiteElo "2175"]
[BlackElo "2242"]
[WhiteFideId "350486"]
[BlackFideId "12900460"]
[EventDate "2016.09.22"]

1. e4 c5 2. Nf3 d6 3. d4 cxd4 4. Nxd4 Nf6 5. Nc3 a6 6. Be2 e6 7. Be3 Nbd7 8. g4
h6 9. h4 b5 10. Bf3 Ne5 11. g5 hxg5 12. hxg5 Rxh1+ 13. Bxh1 Nfd7 14. Qe2 Bb7 15.
f4 Nc4 16. O-O-O e5 17. Nf5 g6 18. Nh6 Be7 19. Rg1 Qa5 20. f5 Nxb2 21. Kxb2 Qb4+
22. Kc1 Qxc3 23. Kb1 Bxe4 24. Bc1 Bxh1 25. Rxh1 Rc8 26. Nxf7 Rc4 27. a3 Nf8 28.
fxg6 Nxg6 29. Nh8 Nf4 30. Bxf4 Qxa3 31. Qxc4 bxc4 32. Bc1 Qb4+ 33. Ka2 c3 34. g6
Bf6 35. Nf7 Ke7 36. Ba3 Qe4 37. Rh2 Qxg6 38. Nxd6 Ke6 39. Nc4 Qg3 40. Rh7 Qg6
41. Rh2 e4 42. Re2 Bd4 43. Kb3 Kd5 44. Nd6 e3 45. Nc4 Qc6 46. Nd6 Bc5 47. Nf5
Qb5+ 0-1

[Event "World Youth Girl U18 2016"]
[Site "Khanty-Mansiysk RUS"]
[Date "2016.09.29"]
[Round "7.6"]
[White "Uuriintuya, Uurtsaikh"]
[Black "Nguyen, Thanh Thuy Tien"]
[Result "1-0"]
[WhiteTitle "WIM"]
[BlackTitle "WIM"]
[WhiteElo "2228"]
[BlackElo "1978"]
[WhiteFideId "4900227"]
[BlackFideId "12400998"]
[EventDate "2016.09.22"]

1. e4 c5 2. Nf3 d6 3. d4 cxd4 4. Nxd4 Nf6 5. Nc3 a6 6. f4 e6 7. a4 Qc7 8. Be2
Be7 9. O-O Nc6 10. Be3 O-O 11. Kh1 Rb8 12. Bf3 Re8 13. Nb3 b6 14. g4 Bb7 15. g5
Nd7 16. Bg2 Bf8 17. Rf3 g6 18. Rh3 Nb4 19. Qd2 Nc5 20. Qf2 Qe7 21. Rf1 Bg7 22.
f5 exf5 23. exf5 Bxg2+ 24. Kxg2 Bxc3 25. bxc3 Qe4+ 26. Kg1 Nd5 27. fxg6 Qxg6 28.
Rh6 Qg7 29. Bd4 f6 30. Kh1 Ne4 31. Qf5 Ndxc3 32. Rg1 Qb7 33. Rg2 Ne2 34. Qg4 f5
35. Qh4 Nxd4 36. g6 Nf3 37. gxh7+ Kh8 38. Rg8+ Rxg8 39. hxg8=Q+ Kxg8 40. Rg6+
Qg7 41. Rxg7+ Kxg7 42. Qf4 Neg5 43. Nd2 Ne4 44. Qxf3 Nxd2 45. Qg3+ Kf7 46. Qxd6
Re8 47. Qxd2 Re4 48. Qd5+ 1-0

[Event "World Youth Girl U18 2016"]
[Site "Khanty-Mansiysk RUS"]
[Date "2016.09.29"]
[Round "7.7"]
[White "Hu, Yu A."]
[Black "Abdusattorova, Bakhora"]
[Result "1/2-1/2"]
[BlackTitle "WFM"]
[WhiteElo "2049"]
[BlackElo "2177"]
[WhiteFideId "8609993"]
[BlackFideId "14204126"]
[EventDate "2016.09.22"]

1. e4 e5 2. Nf3 Nc6 3. Bb5 Nf6 4. d3 Bc5 5. Bxc6 dxc6 6. h3 O-O 7. Nc3 Nd7 8.
Be3 Re8 9. Qd2 a5 10. O-O Bf8 11. d4 exd4 12. Bxd4 b5 13. Rfe1 Nb6 14. Qf4 b4
15. Rad1 Qe7 16. Ne2 c5 17. Be5 Ra7 18. Qc1 Nc4 19. Bg3 Qf6 20. b3 Nb6 21. e5
Qc6 22. Nf4 a4 23. c3 axb3 24. axb3 bxc3 25. Qxc3 Qb5 26. Qc2 Be7 27. e6 f6 28.
Qf5 Qxb3 29. Qg4 Ra4 30. Rd7 Nd5 31. Qh5 Bxd7 32. exd7 Rf8 33. Nxd5 Bd8 34. Re8
Qb1+ 35. Kh2 Qg6 36. Qxg6 hxg6 37. Nxc7 Kf7 38. Bd6 Rg8 39. Rxg8 Kxg8 40. Ne6
Ra8 41. Nxc5 Bb6 42. Nb7 Ra7 43. d8=Q+ Bxd8 44. Nxd8 Rd7 45. Bc5 Rxd8 46. g4 Kf7
47. Kg3 Rd3 48. Kf4 Ke6 49. Ke4 Rd1 50. h4 Rb1 51. g5 Rc1 52. Bd4 Rc4 53. Nd2
Ra4 54. Nb3 f5+ 55. Kd3 Kd5 56. Bxg7 Rxh4 57. Nd2 Ra4 58. Nf3 Ra3+ 59. Ke2 Ke4
60. Nh4 Ra2+ 61. Kf1 f4 62. Kg2 Rc2 63. Bf6 Rc1 64. Nf3 Kf5 65. Nd4+ Ke4 66. Nf3 1/2-1/2

[Event "World Youth Girl U18 2016"]
[Site "Khanty-Mansiysk RUS"]
[Date "2016.09.29"]
[Round "7.8"]
[White "Wozniak, Mariola"]
[Black "Stanciu, Ioana-Georgiana"]
[Result "0-1"]
[WhiteTitle "WIM"]
[WhiteElo "2246"]
[BlackElo "1931"]
[WhiteFideId "1152050"]
[BlackFideId "1202294"]
[EventDate "2016.09.22"]

1. d4 Nf6 2. c4 g6 3. f3 Bg7 4. e4 d6 5. Nc3 O-O 6. Nge2 Nc6 7. Be3 a6 8. Qd2
Na5 9. Nc1 Nd7 10. Be2 c5 11. d5 b5 12. cxb5 axb5 13. Nxb5 f5 14. exf5 Rxf5 15.
g4 Rf8 16. O-O Nb6 17. Bh6 Bxh6 18. Qxh6 Nxd5 19. Nb3 Nf4 20. Bd1 Qb6 21. Nxa5
Rxa5 22. a4 Bd7 23. Re1 c4+ 24. Kf1 Nd3 0-1

[Event "World Youth Girl U18 2016"]
[Site "Khanty-Mansiysk RUS"]
[Date "2016.09.29"]
[Round "7.9"]
[White "Drogovoz, Irina"]
[Black "Mahalakshmi, M"]
[Result "1/2-1/2"]
[WhiteTitle "WIM"]
[BlackTitle "WIM"]
[WhiteElo "2144"]
[BlackElo "2221"]
[WhiteFideId "4176715"]
[BlackFideId "5001080"]
[EventDate "2016.09.22"]

1. d4 Nf6 2. Nf3 e6 3. g3 b6 4. Bg2 Bb7 5. c4 d5 6. Nc3 Be7 7. O-O c6 8. Ne5 O-O
9. Bf4 Nfd7 10. Rc1 Nxe5 11. Bxe5 Nd7 12. Bf4 Nf6 13. Qb3 c5 14. cxd5 cxd4 15.
Rfd1 e5 16. Bxe5 dxc3 17. d6 Bxg2 18. Kxg2 Ng4 19. dxe7 Qxe7 20. Bxc3 Qxe2 21.
Rd2 Qe4+ 22. Kg1 Rac8 23. Qd5 Qg6 24. Re1 h6 25. h3 Nf6 26. Qf3 Rfe8 27. Rxe8+
Rxe8 28. Bxf6 Qxf6 29. Qxf6 Re1+ 30. Kg2 gxf6 31. Kf3 Kg7 32. Rd7 Rb1 33. b3 a5
34. Rd2 b5 35. Ke3 Rc1 36. Rd5 Ra1 37. Rxb5 Rxa2 38. h4 a4 39. bxa4 Rxa4 40. f3 1/2-1/2

[Event "World Youth Girl U18 2016"]
[Site "Khanty-Mansiysk RUS"]
[Date "2016.09.29"]
[Round "7.10"]
[White "Krasnokutskaya, Sofiya"]
[Black "Fiadosenka, Rahneda"]
[Result "1-0"]
[WhiteElo "2086"]
[BlackElo "2059"]
[WhiteFideId "14150735"]
[BlackFideId "13503740"]
[EventDate "2016.09.22"]

1. e4 c5 2. Nf3 Nc6 3. d4 cxd4 4. Nxd4 Nf6 5. Nc3 e5 6. Ndb5 d6 7. Bg5 a6 8. Na3
Be6 9. Nc4 Rc8 10. Bxf6 gxf6 11. Ne3 Bh6 12. Bd3 Rg8 13. O-O Bxe3 14. fxe3 Bg4
15. Qe1 Nb4 16. Qh4 f5 17. Qxd8+ Rxd8 18. exf5 d5 19. Rac1 Rg5 20. e4 d4 21. Na4
Nxd3 22. cxd3 Be2 23. Rf2 Bxd3 24. Nc5 Bb5 25. Nxb7 Rb8 26. Rc7 Rxb7 27. Rxb7
Bc6 28. Rc7 Bxe4 29. Re2 Kd8 30. Rc5 Bf3 31. Rf2 Bb7 32. Rxe5 Kd7 33. Rd2 Kd6
34. Ra5 Rg4 35. g3 h5 36. Kf2 h4 37. Rd3 f6 38. gxh4 Bd5 39. h5 Ke5 40. h6 Rg2+
41. Ke1 Rxh2 42. Ra4 Rxh6 43. Rdxd4 Bc6 44. Rh4 Bxa4 45. Rxh6 Kxf5 46. Kf2 Ke5
47. Ke3 Bb5 48. Rh7 f5 49. Re7+ Kd6 50. Rf7 Bc4 51. Rxf5 Bxa2 52. Rf6+ Be6 53.
Kd4 Ke7 54. Rh6 a5 55. Kc5 Bb3 56. Ra6 a4 57. Kb4 Kd7 58. Rxa4 Bxa4 59. Kxa4 1-0